000 01373nam a2200349 i 4500
001 bg
100 1 _aMIELCZAREK, Adam
245 1 0 _aPolska - Hiszpania, Polska - Szwecja :
_bwzajemne wizerunki w okresie rozszerzania Unii Europejskiej /
_cAdam Mielczarek, Małgorzata Sikorska ; Instytut Spraw Publicznych.
260 _aWarszawa :
_bISP,
_c2000.
300 _a33 s. :
_bil. ;
_c30 cm.
490 1 _aEkspertyzy, Rekomendacje, Raporty z Badań
650 9 _aEtnopsychologia
_zHiszpania
650 9 _aEtnopsychologia
_zPolska
650 9 _aEtnopsychologia
_zSzwecja
650 9 _aOpinia publiczna
_zHiszpania
_yod 1989 r.
650 9 _aOpinia publiczna
_zPolska
_yod 1989 r.
650 9 _aOpinia publiczna
_zSzwecja
_yod 1989 r.
650 9 _aStereotyp (psychol., socjol.)
_zHiszpania
_yod 1989 r.
650 9 _aStereotyp (psychol., socjol.)
_zPolska
_yod 1989 r.
650 9 _aStereotyp (psychol., socjol.)
_zSzwecja
_yod 1989 r.
700 1 _aSIKORSKA, Małgorzata
710 0 _aInstytut Spraw Publicznych
830 _aEkspertyzy, Rekomendacje, Raporty z Badań
020 _a8386917342
040 _cBPK
041 0 _apl
080 _a316.64/.65"1989/...":159.922.4](438+460+485)
920 _a83-86917-34-2
942 _cKS
008 s pl f |000 0 pol
999 _c40262
_d40262
856 _uhttp://koha.tu.koszalin.pl/cgi-bin/koha/opac-detail.pl?biblionumber=40262
_yKatalog online BPK